Čermošňa aj Čremošna

Bibliographic Details
Main Author: Géci, Stanislav (Author)
Format: Article
Language:Slovak
PhysicalDescription:Fotogr.
ISSN:1335-7581
Subjects:

MARC

LEADER 00000nab a2200000 a 4500
001 vtls010211104
003 SK-MaSNL
005 20260305041125.0
008 110214c20110121xo dr| 0 0slo
038 |a RVGKPD 
040 |a RVGKPD  |b slo  |c RVGKPD  |e AACR2 
041 |a slo 
044 |a xo  |c SK 
080 |a 556.524:639.2  |2 1997 
100 1 |a Géci, Stanislav  |4 aut  |9 541661 
245 1 0 |a Čermošňa aj Čremošna  |c Stanislav Géci 
300 |b Fotogr. 
650 0 7 |a potoky  |2 rvgkpd  |9 31771 
650 0 7 |a rybolov  |2 rvgkpd  |9 2838 
651 7 |a Čermošňa (Slovensko : potok)  |2 rvgkpd  |9 1621331 
651 7 |a Rožňava (Slovensko : okres)  |2 rvgkpd  |9 19215 
773 0 |t Gemerský korzár  |g Roč. XIII, č. 16 (21.1.2011)  |x 1335-7581 
773 0 |i [Príl.]  |t Pohoda  |g (2011), s. 7 
852 |a RVGKPD  |b KIS3G 
992 |a RBX 
999 |c 3342239  |d 3344169